Penanaman tumbuhan ubatan & beraroma

Bibliographic Details
Other Authors: Mansor Puteh, Muhamad Ghawas Maarof, Musa Yaacob
Format: Book
Published: Serdang, Selangor : Institut Penyelidikan dan Kemajuan Pertanian Malaysia, , 2005
Subjects:

MARC

LEADER 00000cam a2200000 7i4500
001 0000003588
005 20070810.0
020 0 0 |a 9679364860 
090 0 0 |a 633.88   |b PEN 
240 0 0 |a Penanaman tumbuhan ubatan dan beraroma 
245 1 0 |a Penanaman tumbuhan ubatan & beraroma   |c [penyunting Musa Yaacob, Muhamad Ghawas Maarof, Mansor Puteh] 
260 0 0 |a Serdang, Selangor :   |b Institut Penyelidikan dan Kemajuan Pertanian Malaysia, ,   |c 2005 
300 |a xii, 149ms. :   |b il., gambar foto (bwrn.) ;   |c 25cm. 
504 0 0 |a Bibliografi: ms. 141-145 
650 0 0 |a Aromatic plants   |x Planting   |x Handbooks, Manuals, etc. 
650 0 0 |a Medicinal plants   |x Planting   |x Handbooks, manuals, etc. 
700 1 1 |a Mansor Puteh 
700 1 1 |a Muhamad Ghawas Maarof 
700 1 1 |a Musa Yaacob 
999 |a 0000007156   |b Monograph   |c Open Shelf   |e Default branch